[Event "47th Biel Master Open"]
[Site "Biel SUI"]
[Date "2014.07.25"]
[Round "11.14"]
[White "Rudolf, Anna"]
[Black "Antoli Royo, Joaquin Miguel"]
[Result "1/2-1/2"]
[WhiteTitle "WGM"]
[BlackTitle "IM"]
[WhiteElo "2277"]
[BlackElo "2443"]
[WhiteFideId "722855"]
[BlackFideId "2259532"]
[EventDate "2014.07.14"]

1. d4 Nf6 2. c4 g6 3. Nc3 Bg7 4. e4 d6 5. Be2 O-O 6. f4 c5 7. Nf3 cxd4 8. Nxd4
Nc6 9. Be3 Ng4 10. Bg1 Nf6 11. Be3 Bg4 12. Nxc6 Bxe2 13. Nxd8 Bxd1 14. Rxd1
Rfxd8 15. Ke2 Ng4 16. Bd4 f5 17. Bxg7 Kxg7 18. Kf3 Nf6 19. Rhe1 fxe4+ 20. Nxe4
Nxe4 21. Rxe4 Kf7 22. Rde1 Rd7 23. g4 Rc8 24. b3 1/2-1/2

[Event "47th Biel Master Open"]
[Site "Biel SUI"]
[Date "2014.07.25"]
[Round "11.15"]
[White "Grandadam, Nicolas"]
[Black "Raetsky, Alexander"]
[Result "1/2-1/2"]
[WhiteTitle "FM"]
[BlackTitle "GM"]
[WhiteElo "2306"]
[BlackElo "2431"]
[WhiteFideId "681806"]
[BlackFideId "4103203"]
[EventDate "2014.07.14"]

1. Nf3 d5 2. d4 Nf6 3. c4 dxc4 4. e3 Bg4 5. Bxc4 e6 6. h3 Bh5 7. Nc3 Nc6 8. Bb5
Bd6 9. Qa4 Bxf3 10. gxf3 O-O 11. Bxc6 bxc6 12. f4 c5 13. dxc5 Bxc5 14. Qc4 Qe7
15. b3 e5 16. Bb2 exf4 17. Qxf4 Rad8 18. Rg1 g6 19. Ke2 Bd4 20. Rad1 Bxc3 21.
Bxc3 Nd5 22. Qe5 Nxc3+ 23. Qxc3 Qe6 24. h4 Rd5 25. Rxd5 Qxd5 26. Rd1 Qh5+ 27.
Ke1 Qxh4 28. Qxc7 Re8 29. Qxa7 Qh1+ 30. Ke2 Qh5+ 31. Ke1 Qh1+ 1/2-1/2

[Event "47th Biel Master Open"]
[Site "Biel SUI"]
[Date "2014.07.25"]
[Round "11.16"]
[White "Kamber, Bruno"]
[Black "Cebalo, Miso"]
[Result "1/2-1/2"]
[WhiteTitle "FM"]
[BlackTitle "GM"]
[WhiteElo "2258"]
[BlackElo "2426"]
[WhiteFideId "1300504"]
[BlackFideId "14500094"]
[EventDate "2014.07.14"]

1. e4 c5 2. b3 b6 3. Bb2 Bb7 4. Nc3 e6 5. Nf3 d6 6. d4 a6 7. d5 e5 8. a4 Nf6 9.
Bd3 Be7 10. Ne2 Nbd7 11. c4 Nf8 12. O-O Ng6 13. Re1 Bc8 14. Ng3 O-O 15. Nf5 Re8
16. g3 Bf8 17. h4 Ne7 18. Nxd6 Qxd6 19. Nxe5 Qd8 20. f4 h5 21. f5 Bb7 22. Qf3
Nc8 23. Bc2 Nd6 24. Nc6 Bxc6 25. dxc6 Ndxe4 26. Bxe4 Nxe4 27. Rxe4 Qc7 28. Rxe8
Rxe8 29. Rd1 Rc8 30. Kg2 Qxc6 1/2-1/2

[Event "47th Biel Master Open"]
[Site "Biel SUI"]
[Date "2014.07.25"]
[Round "11.17"]
[White "Lampert, Jonas"]
[Black "Zuse, Peter"]
[Result "1-0"]
[BlackTitle "FM"]
[WhiteElo "2421"]
[BlackElo "2279"]
[WhiteFideId "1303759"]
[BlackFideId "4605306"]
[EventDate "2014.07.14"]

1. d4 Nf6 2. c4 g6 3. Nc3 d5 4. cxd5 Nxd5 5. Bd2 Bg7 6. e4 Nb6 7. Be3 O-O 8. Be2
e5 9. Nf3 exd4 10. Nxd4 Bd7 11. a4 a5 12. O-O Nc6 13. Ndb5 Nb4 14. Qc1 Be6 15.
Bf4 Rc8 16. Rd1 Nd7 17. Qd2 Na6 18. Qe3 Qe7 19. Na7 Ra8 20. Nab5 Ne5 21. Qg3 Bb3
22. Nd5 Bxd5 23. exd5 Rad8 24. Rac1 Rfe8 25. Bf1 c6 26. dxc6 bxc6 27. Nd4 Nb4
28. Bg5 Bf6 29. Bxf6 Qxf6 30. Nb3 Qf5 31. Rxd8 Rxd8 32. Nxa5 Ned3 33. Nxc6 Nxc6
34. Rxc6 Nxb2 35. Rd6 Ra8 36. Qh4 Rxa4 37. Rd8+ Kg7 38. Qe7 g5 39. Qf8+ Kg6 40.
Rd6+ f6 41. Qe8+ Kh6 42. Qf8+ Kg6 43. Qg8+ Kh6 44. Qb3 Qe5 45. Rb6 1-0

[Event "47th Biel Master Open"]
[Site "Biel SUI"]
[Date "2014.07.25"]
[Round "11.18"]
[White "Studer, Noel"]
[Black "Pomini, Aurelien"]
[Result "1-0"]
[WhiteTitle "FM"]
[WhiteElo "2375"]
[BlackElo "2165"]
[WhiteFideId "1319620"]
[BlackFideId "1320831"]
[EventDate "2014.07.14"]

1. Nf3 d5 2. g3 Nf6 3. Bg2 Bg4 4. c4 c6 5. O-O e6 6. b3 Be7 7. Bb2 O-O 8. Ne5
Bh5 9. d4 Nfd7 10. Nd3 Qc7 11. Nd2 Bf6 12. Rc1 dxc4 13. Nxc4 Rd8 14. Nf4 Bg6 15.
Nxg6 hxg6 16. Qc2 Nb6 17. Ne5 N8d7 18. Ng4 Be7 19. e4 Rac8 20. Rfd1 Nf6 21. Ne3
Qb8 22. f4 c5 23. d5 exd5 24. e5 Ne4 25. Nxd5 Nxd5 26. Qxe4 Nb4 27. f5 Bg5 28.
Rxd8+ Rxd8 29. Rf1 gxf5 30. Qxf5 Be3+ 31. Kh1 Qc7 32. e6 Rf8 33. Be4 g6 34. Qf6
Bd4 35. Bxd4 cxd4 36. e7 1-0

[Event "47th Biel Master Open"]
[Site "Biel SUI"]
[Date "2014.07.25"]
[Round "11.19"]
[White "Hasenohr, Benedict"]
[Black "Donchenko, Anatoly"]
[Result "1-0"]
[BlackTitle "IM"]
[WhiteElo "2232"]
[BlackElo "2360"]
[WhiteFideId "1303309"]
[BlackFideId "4106091"]
[EventDate "2014.07.14"]

1. d4 d5 2. c4 dxc4 3. e3 Nf6 4. Bxc4 e6 5. Nf3 c5 6. O-O Qc7 7. b3 a6 8. Bb2 b5
9. Be2 Bb7 10. Nbd2 cxd4 11. Rc1 Qd8 12. Nxd4 Be7 13. Bf3 Ra7 14. Qc2 O-O 15.
Rfd1 h6 16. Ne4 Qb6 17. Nxf6+ Bxf6 18. Ba3 b4 19. Bb2 Bxf3 20. Nxf3 Bxb2 21.
Qxb2 Rc7 22. Rxc7 Qxc7 23. Rc1 Qb7 24. Qd4 Nd7 25. Qd6 Nf6 26. Nd4 Nd5 27. Rc4
a5 28. Nc6 Ra8 29. h3 Qb5 30. Qc5 Qxc5 31. Rxc5 a4 32. Rc4 axb3 33. axb3 Ra3 34.
e4 Nf4 35. Rxb4 Ra1+ 36. Kh2 Nd3 37. Rb8+ Kh7 38. Kg3 Ra2 39. Nb4 Nxb4 40. Rxb4
g5 41. e5 Kg6 42. Kf3 h5 43. g4 h4 44. Rb8 Ra1 45. Rg8+ Kh6 46. Rc8 Rh1 47. Kg2
Re1 48. Rc5 Kg7 49. b4 Re4 50. Rb5 Re1 51. Kf3 Rh1 52. Kg2 Re1 53. Rc5 Re4 54.
b5 Rb4 55. Kf1 Rb3 56. Kg2 Kg6 57. f3 Rb2+ 58. Kf1 Rh2 59. b6 Rb2 60. Rc6 Rb5
61. Ke2 Rxe5+ 62. Kd3 Kf6 63. Kc4 Re1 64. Rc5 Rb1 65. Rb5 Rc1+ 66. Kb4 Rc8 67.
b7 Rb8 68. Kc4 Ke7 69. Kc5 1-0

[Event "47th Biel Master Open"]
[Site "Biel SUI"]
[Date "2014.07.25"]
[Round "11.20"]
[White "Nuri, Kambez"]
[Black "Grandadam, Patrik"]
[Result "1/2-1/2"]
[WhiteTitle "FM"]
[WhiteElo "2322"]
[BlackElo "2243"]
[WhiteFideId "1311433"]
[BlackFideId "682438"]
[EventDate "2014.07.14"]

1. e4 c5 2. Nc3 a6 3. Nge2 e6 4. g3 b5 5. Bg2 Bb7 6. a3 Nf6 7. O-O b4 8. axb4
cxb4 9. e5 Bxg2 10. Kxg2 bxc3 11. exf6 Qxf6 12. dxc3 Bc5 13. b4 Bxb4 14. h4 Bc5
15. Bg5 Qf5 16. Qd3 Qxd3 17. cxd3 f6 18. Bd2 Nc6 19. Rfb1 Ke7 20. d4 Bd6 21. c4
Rhb8 22. d5 Ne5 23. Rxb8 Rxb8 24. Bc3 Rc8 25. Rxa6 Nxc4 26. dxe6 dxe6 27. Nd4
Kf7 28. Nb5 Bc5 29. Bd4 Bxd4 30. Nxd4 e5 31. Ra7+ Kg6 32. h5+ Kxh5 33. Nf5 Kg5
34. Nxg7 Rc6 35. Ne8 Nd6 36. Nxd6 Rxd6 37. Rxh7 1/2-1/2